[Event "Guernsey Open"]
[Site "GCI"]
[Date "2005.10.21"]
[Round "6"]
[White "Borland, Tom"]
[Black "Rowe, Peter"]
[Result "1/2-1/2"]
[WhiteElo "2042"]
[BlackElo "2071"]
[PlyCount "96"]
[EventDate "2005.10.16"]

1. d4 d5 2. c4 Nc6 3. Nf3 Bg4 4. e3 e6 5. Nc3 Nf6 6. cxd5 exd5 7. Bd3 Bb4 8.
O-O O-O 9. a3 Bxc3 10. bxc3 Ne4 11. c4 Ne7 12. cxd5 Qxd5 13. Qc2 Bxf3 14. gxf3
Ng5 15. Be4 Nxf3+ 16. Kg2 Nh4+ 17. Kh1 Qh5 18. f4 c6 19. Qf2 Nd5 20. Bd3 f5 21.
Be2 Qh6 22. Bd2 Qf6 23. Rg1 Qe7 24. Bd3 Ng6 25. Rg5 Qd7 26. h4 Nge7 27. Rag1 g6
28. h5 Kf7 29. e4 fxe4 30. Bxe4 Qh3+ 31. Qh2 Qxh2+ 32. Kxh2 Ke6 33. Re5+ Kd6
34. hxg6 hxg6 35. f5 Rh8+ 36. Kg2 gxf5 37. Bxd5 Nxd5 38. Kf1 Rag8 39. Rxf5
Rxg1+ 40. Kxg1 Rh4 41. Be1 Rxd4 42. Rf7 b5 43. Rxa7 Ra4 44. Bg3+ Kc5 45. Rd7
Rxa3 46. Bd6+ Kc4 47. Bxa3 b4 48. Bxb4 Nxb4 1/2-1/2

[Event "Guernsey Open"]
[Site "GCI"]
[Date "2005.10.21"]
[Round "6"]
[White "Goman, Colin"]
[Black "Goris Schouwstra, Adry"]
[Result "1/2-1/2"]
[WhiteElo "1919"]
[BlackElo "1916"]
[PlyCount "80"]
[EventDate "2005.10.16"]

1. d4 d5 2. Nf3 Nf6 3. e3 Bf5 4. c4 c6 5. Be2 dxc4 6. Bxc4 e6 7. O-O Be7 8. Nc3
O-O 9. Nh4 Bg4 10. Nf3 Nbd7 11. Be2 Rc8 12. Nd2 Bxe2 13. Qxe2 c5 14. dxc5 Nxc5
15. Rd1 Qc7 16. Nf3 Rfd8 17. Rxd8+ Rxd8 18. Bd2 a6 19. Be1 Nd3 20. Rd1 Nxe1 21.
Rxd8+ Qxd8 22. Nxe1 Nd5 23. Nxd5 Qxd5 24. b3 Qe5 25. g3 h6 26. Nf3 Qh5 27. Kg2
Qd5 28. Qd2 Qc6 29. Qd1 Bf6 30. Kg1 e5 31. Ne1 e4 32. Qg4 Qc1 33. Qxe4 Qxe1+
34. Kg2 Qa5 35. Qe8+ Kh7 36. Qxf7 Qxa2 37. Qxb7 Qc2 38. Qxa6 Qxb3 39. Qc6 Qd3
40. Qf3 Qd8 1/2-1/2

[Event "Guernsey Open"]
[Site "GCI"]
[Date "2005.10.21"]
[Round "6"]
[White "Finch, Russell"]
[Black "Downey, Keith"]
[Result "0-1"]
[WhiteElo "1650"]
[BlackElo "1821"]
[PlyCount "70"]
[EventDate "2005.10.16"]

1. d4 Nf6 2. Nf3 e6 3. Bg5 c5 4. c3 Be7 5. Nbd2 cxd4 6. cxd4 d5 7. e3 Nc6 8.
Bb5 Qb6 9. Qe2 O-O 10. O-O Bd7 11. a3 Rfc8 12. Rfc1 a6 13. Bd3 h6 14. Bh4 Na7
15. Ne5 Bb5 16. f4 Rc7 17. Bxb5 Nxb5 18. Rxc7 Qxc7 19. Nb3 Rc8 20. Rc1 Qd8 21.
Rxc8 Qxc8 22. Bxf6 Bxf6 23. Nc5 Nd6 24. Kf1 Bxe5 25. fxe5 Nc4 26. Kf2 b6 27.
Nd3 Qd7 28. Qe1 Qe7 29. Ke2 Qg5 30. Qg3 Qh5+ 31. Ke1 Qf5 32. Ke2 Nxb2 33. Nf4
Qc2+ 34. Kf3 Nc4 35. Nh5 Qd1+ 0-1

[Event "Guernsey Open"]
[Site "GCI"]
[Date "2005.10.21"]
[Round "6"]
[White "Mihajlova, Diana"]
[Black "Ruigrok, Jacques"]
[Result "1/2-1/2"]
[WhiteElo "1152"]
[BlackElo "1785"]
[PlyCount "50"]
[EventDate "2005.10.16"]

1. e4 e5 2. Bc4 Nf6 3. d3 Bc5 4. Qf3 Nc6 5. c3 a5 6. Nh3 h6 7. O-O O-O 8. Qg3
Kh7 9. Qh4 d5 10. Bb3 Bxh3 11. Qxh3 a4 12. Bc2 d4 13. Bg5 Kg8 14. Bd2 Nh7 15.
f4 dxc3+ 16. Kh1 cxb2 17. Nc3 bxa1=Q 18. Rxa1 Nd4 19. Bxa4 Bb4 20. Bd1 exf4 21.
Rc1 Ne6 22. Be2 Nhg5 23. Qf5 Nd4 24. Qg4 Nxe2 25. Qxe2 Ne6 1/2-1/2

[Event "Guernsey Open"]
[Site "GCI"]
[Date "2005.10.22"]
[Round "7"]
[White "Lock, Gavin R"]
[Black "Hillarp Persson, Tiger"]
[Result "0-1"]
[WhiteElo "2178"]
[BlackElo "2534"]
[PlyCount "58"]
[EventDate "2005.10.16"]

1. Nf3 g6 2. c4 Bg7 3. e4 e5 4. d4 d6 5. Nc3 Nc6 6. d5 Nce7 7. Be2 f5 8. O-O
Nf6 9. b4 h6 10. Nd2 O-O 11. f3 f4 12. c5 h5 13. Nc4 g5 14. Ba3 Ng6 15. b5 dxc5
16. Bxc5 Rf7 17. d6 Bf8 18. Qb3 Be6 19. Qb4 b6 20. dxc7 Bxc5+ 21. Qxc5 Rxc7 22.
Qb4 Qd4+ 23. Kh1 Bxc4 24. Rfd1 Qc5 25. Bxc4+ Qxc4 26. Qd6 Qf7 27. Nd5 Nxd5 28.
Rxd5 Rac8 29. h3 g4 0-1

[Event "Guernsey Open"]
[Site "GCI"]
[Date "2005.10.22"]
[Round "7"]
[White "Bellin, Robert"]
[Black "Goater, Kevin P"]
[Result "1-0"]
[WhiteElo "2374"]
[BlackElo "2178"]
[PlyCount "47"]
[EventDate "2005.10.16"]

1. e4 e5 2. Nf3 d6 3. Bc4 f5 4. d3 f4 5. d4 Nc6 6. Bb5 Bd7 7. Nc3 Nge7 8. d5
Nb8 9. Bxd7+ Qxd7 10. g3 fxg3 11. hxg3 h6 12. Ng5 Rg8 13. Ne6 Na6 14. Qh5+ g6
15. Qe2 h5 16. g4 hxg4 17. Rh7 Nc5 18. Bg5 Nxe6 19. dxe6 Qxe6 20. Nd5 Nxd5 21.
Qb5+ c6 22. Qxb7 Rc8 23. exd5 Qf5 24. Re7+ 1-0

[Event "Guernsey Open"]
[Site "GCI"]
[Date "2005.10.22"]
[Round "7"]
[White "Havenaar, Jan"]
[Black "Hensbergen, Willem"]
[Result "1/2-1/2"]
[WhiteElo "2195"]
[BlackElo "2106"]
[PlyCount "28"]
[EventDate "2005.10.16"]

1. Nc3 Nf6 2. g3 g6 3. Bg2 Bg7 4. e4 d6 5. f4 O-O 6. Nf3 c5 7. d3 Nc6 8. O-O
Nd4 9. Ne2 Nxf3+ 10. Bxf3 Rb8 11. Kg2 b5 12. h3 e5 13. fxe5 dxe5 14. Be3 Qc7
1/2-1/2

[Event "Guernsey Open"]
[Site "GCI"]
[Date "2005.10.22"]
[Round "7"]
[White "Taylor, Mark V"]
[Black "Carpenter, Paul"]
[Result "1/2-1/2"]
[WhiteElo "2135"]
[BlackElo "1816"]
[PlyCount "20"]
[EventDate "2005.10.16"]

1. d4 d5 2. Nc3 Bf5 3. Bg5 c6 4. e3 Nd7 5. Bd3 Bxd3 6. Qxd3 Ngf6 7. Nf3 Qa5 8.
O-O e6 9. Ne2 Bd6 10. Bf4 Qc7 1/2-1/2

[Event "Guernsey Open"]
[Site "GCI"]
[Date "2005.10.22"]
[Round "7"]
[White "Wismayer, Clive R"]
[Black "Dennis, Nigel W"]
[Result "1/2-1/2"]
[WhiteElo "2056"]
[BlackElo "2050"]
[PlyCount "126"]
[EventDate "2005.10.16"]

1. Nf3 Nf6 2. b4 d5 3. Bb2 e6 4. b5 c5 5. g3 Nbd7 6. Bg2 Be7 7. O-O O-O 8. d3
Qb6 9. a4 a6 10. Na3 Ne8 11. e4 Nc7 12. c4 d4 13. e5 f6 14. Qe2 fxe5 15. Nd2
Nf6 16. Ne4 Bd7 17. Qd2 axb5 18. axb5 Ra7 19. Nc2 Rfa8 20. Rxa7 Rxa7 21. Ra1
Rxa1+ 22. Nxa1 Qa7 23. Nb3 b6 24. h3 Bc8 25. Nc1 Nxe4 26. Bxe4 Bb7 27. Qe1 Bf6
28. Kf1 Qa8 29. h4 Bxe4 30. Qxe4 Qxe4 31. dxe4 Ne8 32. Ke2 Nd6 33. Kd3 h5 34.
Ne2 g5 35. hxg5 Bxg5 36. Ng1 h4 37. gxh4 Bxh4 38. Nh3 Kf7 39. Bc1 Kf6 40. Bh6
Kf7 41. f3 Nc8 42. f4 Bg3 43. f5 exf5 44. exf5 Kf6 45. Ng5 Kxf5 46. Ne4 Bf4 47.
Bg7 Ke6 48. Bf6 Ne7 49. Bh4 Bh6 50. Bxe7 Kxe7 51. Nf2 Ke6 52. Ke4 Bf4 53. Nd3
Bh2 54. Nb2 Kd6 55. Na4 Kc7 56. Nb2 Bf4 57. Kd5 Bg3 58. Nd3 Kd7 59. Nb2 Ke7 60.
Ke4 Kd6 61. Na4 Kc7 62. Nb2 Kd6 63. Na4 Kc7 1/2-1/2

[Event "Guernsey Open"]
[Site "GCI"]
[Date "2005.10.22"]
[Round "7"]
[White "Thurlow, Kevin J"]
[Black "Twitchell, David T"]
[Result "1/2-1/2"]
[WhiteElo "2124"]
[BlackElo "1824"]
[PlyCount "89"]
[EventDate "2005.10.16"]

1. Nf3 Nf6 2. b3 g6 3. Bb2 Bg7 4. c4 d6 5. d4 O-O 6. Nc3 Nbd7 7. Qc2 c5 8. e3
b6 9. d5 Ng4 10. h3 Nge5 11. Nxe5 Nxe5 12. f4 Nd7 13. O-O-O a6 14. g4 b5 15. h4
Nf6 16. h5 Bxg4 17. hxg6 Bxd1 18. gxf7+ Rxf7 19. Nxd1 Qa5 20. Bh3 bxc4 21. Be6
cxb3 22. axb3 c4 23. bxc4 Rb8 24. Rxh7 Rxb2 25. Bxf7+ Kxf7 26. Rxg7+ Kxg7 27.
Nxb2 Nd7 28. Nd3 Qa3+ 29. Qb2+ Qxb2+ 30. Kxb2 Kf6 31. e4 e5 32. dxe6 Kxe6 33.
Kc3 a5 34. Kd4 a4 35. f5+ Kf6 36. Kc3 Nb6 37. Nb4 Ke5 38. Kd3 a3 39. Na2 Na4
40. Nc3 Nb2+ 41. Kc2 Nxc4 42. Kb3 Ne3 43. Kxa3 Nxf5 44. exf5 Kxf5 45. Kb3
1/2-1/2

[Event "Guernsey Open"]
[Site "GCI"]
[Date "2005.10.22"]
[Round "7"]
[White "Hickman, John"]
[Black "Van Randen, Fred"]
[Result "1/2-1/2"]
[WhiteElo "2115"]
[BlackElo "1869"]
[PlyCount "47"]
[EventDate "2005.10.16"]

1. Nf3 Nf6 2. g3 d5 3. Bg2 c5 4. O-O Nc6 5. d3 g6 6. Nbd2 Bg7 7. e4 dxe4 8.
dxe4 O-O 9. Re1 h6 10. c3 Be6 11. Qe2 Qc8 12. a4 Rd8 13. Nc4 Bh3 14. e5 Bxg2
15. Kxg2 Nd5 16. Qe4 Qe6 17. Qh4 g5 18. Qh5 Qg6 19. Qxg6 fxg6 20. h3 Rf8 21.
Re4 Rad8 22. h4 gxh4 23. Rxh4 g5 24. Re4 1/2-1/2

[Event "Guernsey Open"]
[Site "GCI"]
[Date "2005.10.22"]
[Round "7"]
[White "Vorstermans, Peter"]
[Black "Goris, Ton"]
[Result "1/2-1/2"]
[WhiteElo "1934"]
[BlackElo "2108"]
[PlyCount "41"]
[EventDate "2005.10.16"]

1. e4 e6 2. Qe2 c5 3. Nf3 Nc6 4. g3 Nge7 5. Bg2 d5 6. exd5 Nxd5 7. O-O Be7 8.
d3 O-O 9. c3 Qc7 10. Nbd2 b6 11. Ne4 Ba6 12. Rd1 {(=)} Rad8 13. Nfg5 h6 14. Nh3
Ne5 15. Qh5 g6 16. Qe2 f5 17. Bxh6 fxe4 18. Bxe4 Rf6 19. c4 Nb4 20. Bf4 Bd6 21.
Bg5 1/2-1/2

[Event "Guernsey Open"]
[Site "GCI"]
[Date "2005.10.22"]
[Round "7"]
[White "Edwards, L Alan"]
[Black "Von Saldern, Rudiger"]
[Result "1-0"]
[WhiteElo "1984"]
[BlackElo "2091"]
[PlyCount "35"]
[EventDate "2005.10.16"]

1. e4 e5 2. Nf3 Nc6 3. Nc3 Bc5 4. Nxe5 Nxe5 5. d4 Bd6 6. dxe5 Bxe5 7. f4 Bxc3+
8. bxc3 d6 9. Bd3 Nf6 10. O-O O-O 11. Qf3 Qd7 12. e5 dxe5 13. fxe5 Nd5 14. Bd2
Ne7 15. Rae1 Qg4 16. Qf2 Ng6 17. Re4 Qh5 18. Be2 1-0

[Event "Guernsey Open"]
[Site "GCI"]
[Date "2005.10.22"]
[Round "7"]
[White "Westerkamp, Bert"]
[Black "Taylor, Robert P"]
[Result "1/2-1/2"]
[WhiteElo "2085"]
[BlackElo "1995"]
[PlyCount "36"]
[EventDate "2005.10.16"]

1. e4 e5 2. Nf3 d6 3. d4 Nf6 4. dxe5 Nxe4 5. exd6 Nxd6 6. Bd3 Be7 7. O-O Nd7 8.
Nc3 Nf6 9. Re1 O-O 10. Bg5 h6 11. Bh4 Bf5 12. Re5 Bxd3 13. Qxd3 Nde8 14. Qxd8
Bxd8 15. Rd1 Nd6 16. Nd5 Nxd5 17. Bxd8 Raxd8 18. Rexd5 b6 1/2-1/2

[Event "Guernsey Open"]
[Site "GCI"]
[Date "2005.10.22"]
[Round "7"]
[White "Dawson, Jeffery"]
[Black "Barnard, Paul E"]
[Result "1-0"]
[WhiteElo "1982"]
[BlackElo "2066"]
[PlyCount "69"]
[EventDate "2005.10.16"]

1. e4 d5 2. exd5 Nf6 3. Nc3 Nxd5 4. Bc4 Nb6 5. Bb3 Nc6 6. Nf3 Bg4 7. Bxf7+ Kxf7
8. Ng5+ Ke8 9. Qxg4 Qd4 10. Qe2 Qe5 11. Qxe5 Nxe5 12. d3 h6 13. Nge4 Nf7 14.
Be3 e6 15. O-O-O Kd7 16. Rhe1 Nd5 17. a3 b6 18. d4 c6 19. Na2 Nd6 20. Nxd6 Bxd6
21. g3 Raf8 22. c4 Nxe3 23. fxe3 Rf2 24. Rd2 Rhf8 25. Ree2 Rf1+ 26. Rd1 R1f2
27. Rxf2 Rxf2 28. Rd2 Rf1+ 29. Kc2 Be7 30. Nc3 Rf3 31. Kd3 Bg5 32. Re2 h5 33.
Ne4 Bh6 34. Nd2 Rf7 35. Ke4 1-0

[Event "Guernsey Open"]
[Site "GCI"]
[Date "2005.10.22"]
[Round "7"]
[White "Nicholson, John"]
[Black "Wiecker, Stefan"]
[Result "0-1"]
[WhiteElo "2000"]
[BlackElo "1985"]
[PlyCount "98"]
[EventDate "2005.10.16"]

1. e4 c5 2. Nf3 Nc6 3. Bb5 g6 4. O-O Bg7 5. c3 Nf6 6. e5 {(=)} Nd5 7. d4 cxd4
8. cxd4 O-O 9. Nc3 Nxc3 10. bxc3 d5 11. h3 Na5 12. Bd3 Qc7 13. Bd2 Nc4 14. Rc1
Bd7 15. Bf4 Bb5 16. Qe2 Rac8 17. Nd2 Rfe8 18. Qf3 Nxd2 19. Bxd2 Bxd3 20. Qxd3
Qc4 21. Qxc4 Rxc4 22. Rb1 b6 23. Rfc1 {(=)} Rec8 24. Kf1 f6 25. f4 Bh6 26. Ke2
Ra4 27. Rb2 fxe5 28. fxe5 Bxd2 29. Kxd2 Ra3 30. Kd3 Kf7 31. Rf1+ Ke6 32. Rc1 b5
33. Rxb5 Rxa2 34. Rc2 Ra3 35. Rbb2 Rc6 36. Ra2 Rca6 37. Rab2 R6a4 38. g4 Ra1
39. Rf2 Rh1 40. Rh2 Raa1 41. Rxh1 Rxh1 42. Rb7 Rxh3+ 43. Kd2 Rg3 44. g5 Rxg5
45. Rxa7 h5 46. c4 Rg2+ 47. Kc3 Rg3+ 48. Kb4 dxc4 49. Kxc4 h4 0-1

[Event "Guernsey Open"]
[Site "GCI"]
[Date "2005.10.22"]
[Round "7"]
[White "Downey, Keith"]
[Black "Kemp, Paul M"]
[Result "1/2-1/2"]
[WhiteElo "1821"]
[BlackElo "2051"]
[PlyCount "38"]
[EventDate "2005.10.16"]

1. c4 c5 2. Nf3 g6 3. Nc3 Bg7 4. g3 Nc6 5. Bg2 d6 6. d3 e5 7. a3 a5 8. O-O Nge7
9. e4 O-O 10. Ne1 h6 11. Nc2 Rb8 12. Bd2 Bd7 13. Rb1 Nd4 14. b4 b6 15. bxa5
bxa5 16. Nxd4 exd4 17. Nb5 Bc6 18. a4 f5 19. f4 fxe4 1/2-1/2

[Event "Guernsey Open"]
[Site "GCI"]
[Date "2005.10.22"]
[Round "7"]
[White "Van Hoek, Wim"]
[Black "Murray, John Steven"]
[Result "1/2-1/2"]
[WhiteElo "1782"]
[BlackElo "2031"]
[PlyCount "32"]
[EventDate "2005.10.16"]

1. e4 c5 2. Nf3 d6 3. c3 Nf6 4. Be2 Bd7 5. d3 g6 6. O-O Bg7 7. Re1 O-O 8. Bf1
Bc6 9. Nbd2 Nbd7 10. d4 cxd4 11. cxd4 b6 12. b3 Rc8 13. Bb2 Bb7 14. Rc1 Rxc1
15. Qxc1 Qc8 16. Qb1 Qa8 1/2-1/2

[Event "Guernsey Open"]
[Site "GCI"]
[Date "2005.10.22"]
[Round "7"]
[White "Rowe, Peter"]
[Black "Morcom, Huw"]
[Result "1/2-1/2"]
[WhiteElo "2071"]
[BlackElo "1965"]
[PlyCount "57"]
[EventDate "2005.10.16"]

1. d4 g6 2. Nf3 Bg7 3. Bf4 c5 4. e3 Nc6 5. c3 d6 6. Nbd2 Nf6 7. h3 O-O 8. Be2
Qe8 9. Bh2 e5 10. O-O Qe7 11. Nc4 Ne8 12. dxe5 dxe5 13. e4 b6 14. Ne3 Bb7 15.
Nd5 Qd6 16. Qc2 Rd8 17. Rad1 Qb8 18. Bg3 h6 19. Nh4 Nf6 20. f4 Nxd5 21. Rxd5
Nd4 22. Rxd8 Nxe2+ 23. Qxe2 Rxd8 24. Qc4 b5 25. Qxb5 Bxe4 26. Qxb8 Rxb8 27.
fxe5 Rxb2 28. Rf2 Rb1+ 29. Rf1 1/2-1/2

[Event "Guernsey Open"]
[Site "GCI"]
[Date "2005.10.22"]
[Round "7"]
[White "Jamieson, Ian"]
[Black "Goman, Colin"]
[Result "1-0"]
[WhiteElo "2026"]
[BlackElo "1919"]
[PlyCount "89"]
[EventDate "2005.10.16"]

1. b4 e5 2. Bb2 d6 3. e3 Be6 4. c4 Nd7 5. Nf3 f6 6. Nc3 Ne7 7. d4 Ng6 8. h4 Nb6
9. d5 Bf7 10. Be2 Qd7 11. a4 c6 12. a5 Nc8 13. a6 Be7 14. h5 Nf8 15. axb7 Qxb7
16. Ba3 Nd7 17. Nh4 Bd8 18. Bf3 c5 19. bxc5 Ba5 20. Qd2 Qb3 21. O-O Bxc3 22.
Qd3 Nxc5 23. Bxc5 Qb7 24. Qxc3 dxc5 25. d6 e4 26. d7+ Kxd7 27. Bg4+ Be6 28.
Rfd1+ Ke7 29. Bxe6 Kxe6 30. Rd5 Nd6 31. Rxc5 Rhc8 32. Rxc8 Rxc8 33. c5 Nb5 34.
Qc4+ Ke7 35. Nf5+ Kf8 36. Nd4 a6 37. c6 Qb6 38. Rc1 Nxd4 39. exd4 a5 40. d5 f5
41. d6 a4 42. Qe6 Re8 43. Qxf5+ Kg8 44. c7 a3 45. c8=Q 1-0

[Event "Guernsey Open"]
[Site "GCI"]
[Date "2005.10.22"]
[Round "7"]
[White "Hamperl, Fred A"]
[Black "Borland, Tom"]
[Result "1/2-1/2"]
[WhiteElo "2002"]
[BlackElo "2042"]
[PlyCount "99"]
[EventDate "2005.10.16"]

1. e4 e5 2. Nf3 Nf6 3. Nxe5 d6 4. Nf3 Nxe4 5. Nc3 Nxc3 6. dxc3 Be7 7. Bf4 O-O
8. Qd2 Nd7 9. O-O-O Nc5 10. Be3 c6 11. Kb1 Ne4 12. Qd4 Bf5 13. g4 Bg6 14. h4
Bf6 15. Qb4 c5 16. Qb3 h5 17. g5 Be7 18. Ne5 dxe5 19. Rxd8 Rfxd8 20. Bd3 b5 21.
c4 b4 22. Rg1 a5 23. Qa4 Nd2+ 24. Bxd2 e4 25. Re1 Bf8 26. Bxe4 Bxe4 27. Rxe4
Rxd2 28. a3 bxa3 29. Qxa3 Rxf2 30. Qe3 Rf1+ 31. Ka2 g6 32. Qe2 Rf5 33. Ka3 Bg7
34. Re8+ Rxe8 35. Qxe8+ Kh7 36. Qe1 Bd4 37. Qxa5 Bf2 38. Qa8 Bxh4 39. b4 cxb4+
40. Kxb4 Bf2 41. Qg2 Be3 42. Kc3 Bxg5 43. Kd4 Be7 44. Qe2 Bc5+ 45. Ke4 h4 46.
Qg4 Rh5 47. Qh3 Kg7 48. Qc3+ Kh7 49. Qh3 Kg7 50. Qc3+ 1/2-1/2

[Event "Guernsey Open"]
[Site "GCI"]
[Date "2005.10.22"]
[Round "7"]
[White "Spanton, Timothy"]
[Black "Finch, Russell"]
[Result "1-0"]
[WhiteElo "2018"]
[BlackElo "1650"]
[PlyCount "62"]
[EventDate "2005.10.16"]

1. c4 g6 2. Nc3 Bg7 3. g3 d6 4. Bg2 Nc6 5. e4 e5 6. Nge2 Nge7 7. d3 O-O 8. O-O
Be6 9. Nd5 f5 10. Rb1 Qd7 11. b4 Nd8 12. Bg5 Bxd5 13. cxd5 c6 14. d4 cxd5 15.
exd5 h6 16. Be3 g5 17. f4 gxf4 18. gxf4 e4 19. Nc3 Rc8 20. Qb3 Nf7 21. Rbc1 Rc7
22. a4 Rfc8 23. b5 Rc4 24. Ne2 Qc7 25. Bh3 Nxd5 26. Bxf5 Nxe3 27. Bxc8 Bxd4 28.
Rxc4 Nxc4+ 29. Nxd4 Nd2 30. Qg3+ Kh8 31. Ne6 Ng5 1-0

[Event "Guernsey Open"]
[Site "GCI"]
[Date "2005.10.22"]
[Round "7"]
[White "Ippel, Cok"]
[Black "Mihajlova, Diana"]
[Result "1-0"]
[WhiteElo "2064"]
[BlackElo "1152"]
[PlyCount "67"]
[EventDate "2005.10.16"]

1. Nc3 e5 2. Nf3 d6 3. e4 Nc6 4. Bc4 Bg4 5. h3 Bxf3 6. Qxf3 Nf6 7. Ne2 Nb4 8.
Bb3 d5 9. d3 d4 10. Bg5 Be7 11. Ng3 g6 12. h4 h5 13. Ne2 Qd6 14. O-O O-O-O 15.
a3 Nc6 16. Bc4 a6 17. b4 Rdf8 18. Qh3+ Kb8 19. f4 Ng4 20. fxe5 Ngxe5 21. Bf4
Bf6 22. Rab1 b5 23. Bd5 Qd8 24. a4 Bxh4 25. axb5 axb5 26. Ra1 g5 27. Bxe5 Na7
28. Rxa7 Kxa7 29. Ra1+ Kb6 30. Bxd4+ c5 31. bxc5+ Kc7 32. Be5+ Qd6 33. Bxd6+
Kd8 34. Ra8# 1-0

[Event "Guernsey Open"]
[Site "Guernsey GCI"]
[Date "2006.10.15"]
[Round "1"]
[White "Hillarp Persson, Tiger"]
[Black "Wantoch, Markus"]
[Result "1-0"]
[WhiteElo "2557"]
[BlackElo "2063"]
[PlyCount "43"]
[EventDate "2006.10.15"]

1. d4 Nf6 2. c4 e6 3. Nc3 Bb4 4. e3 Ne4 5. Qc2 f5 6. Bd3 Nxc3 7. bxc3 Be7 8. e4
g6 9. h4 d5 10. exd5 exd5 11. h5 Rg8 12. hxg6 hxg6 13. Qe2 Qd6 14. Nf3 c6 15.
Bg5 Qe6 16. Qxe6 Bxe6 17. Rh7 Bxg5 18. Nxg5 Bd7 19. Kd2 Kd8 20. Re1 b5 21. cxd5
cxd5 22. Bxb5 1-0

[Event "Guernsey Open"]
[Site "Guernsey GCI"]
[Date "2006.10.15"]
[Round "1"]
[White "Morris Hill, Ray"]
[Black "Gofshtein, Leonid D"]
[Result "0-1"]
[WhiteElo "2060"]
[BlackElo "2509"]
[PlyCount "54"]
[EventDate "2006.10.15"]

1. d4 Nf6 2. Nf3 g6 3. Nc3 d5 4. Bf4 Bg7 5. e3 O-O 6. Be2 Bg4 7. h3 Bxf3 8.
Bxf3 c6 9. Qd2 Nbd7 10. g4 e5 11. dxe5 Ne8 12. O-O-O Nxe5 13. Be2 Nd6 14. Bxe5
Bxe5 15. f4 Bg7 16. Bd3 b5 17. Ne2 Re8 18. Ng3 Rb8 19. g5 Nc4 20. Bxc4 bxc4 21.
c3 Qa5 22. a3 Rb3 23. Ne2 Reb8 24. Qc2 Qb6 25. Rd2 Qxe3 26. Kd1 Bxc3 27. Nxc3
Qf3+ 0-1

[Event "Guernsey Open"]
[Site "Guernsey GCI"]
[Date "2006.10.15"]
[Round "1"]
[White "Porper, Eduard"]
[Black "O'Driscoll, Kieran"]
[Result "1-0"]
[WhiteElo "2462"]
[BlackElo "2054"]
[PlyCount "27"]
[EventDate "2006.10.15"]

1. d4 d5 2. c4 c6 3. Nf3 Nf6 4. Nc3 dxc4 5. e4 b5 6. e5 Nd5 7. a4 e6 8. axb5
Nxc3 9. bxc3 cxb5 10. Ng5 Bb7 11. Qh5 g6 12. Qg4 Nd7 13. Qf4 Qe7 14. Ba3 1-0

[Event "Guernsey Open"]
[Site "Guernsey GCI"]
[Date "2006.10.15"]
[Round "1"]
[White "Bower, Daniel"]
[Black "Bakre, Tejas"]
[Result "1/2-1/2"]
[WhiteElo "2010"]
[BlackElo "2447"]
[PlyCount "120"]
[EventDate "2006.10.15"]

1. e4 c5 2. Nc3 Nc6 3. Nge2 d6 4. g3 g6 5. Bg2 Bg7 6. d3 e5 7. O-O Nge7 8. f4
O-O 9. Be3 Nd4 10. Qd2 Rb8 11. Rab1 b5 12. Nd1 Bg4 13. Bxd4 cxd4 14. c3 Qb6 15.
Kh1 Rbc8 16. cxd4 exd4 17. Nf2 Be6 18. b3 d5 19. Rbc1 Rfd8 20. Rxc8 Bxc8 21.
Rc1 Bb7 22. Qb4 Nc6 23. Qc5 Qxc5 24. Rxc5 a6 25. e5 Rd7 26. Rxd5 Nxe5 27. Rxd4
Rxd4 28. Nxd4 Nxd3 29. Nxd3 Bxg2+ 30. Kxg2 Bxd4 31. Kf3 f5 32. Nc1 Kf7 33. Ke2
Ke6 34. Kd3 Bc5 35. Ne2 h6 36. Nd4+ Kd5 37. Nf3 Ke6 38. Nd4+ Kf6 39. a4 bxa4
40. bxa4 g5 41. Kc4 Bb6 42. Ne2 Kg6 43. Kd5 Kh5 44. Ke6 Kg4 45. h3+ Kf3 46.
fxg5 hxg5 47. Kxf5 Kxe2 48. Kxg5 Be3+ 49. Kf5 Kf3 50. g4 Kg3 51. g5 Kh4 52. g6
Bd4 53. Ke6 Kg5 54. Kf7 Kh6 55. h4 a5 56. h5 Bc3 57. Kf8 Be5 58. Kf7 Kxh5 59.
g7 Bxg7 60. Kxg7 Kg5 1/2-1/2

[Event "Guernsey Open"]
[Site "Guernsey GCI"]
[Date "2006.10.15"]
[Round "1"]
[White "Wiecker, Stefan"]
[Black "Lock, Gavin R"]
[Result "1/2-1/2"]
[WhiteElo "2048"]
[BlackElo "2226"]
[PlyCount "112"]
[EventDate "2006.10.15"]

1. e4 e6 2. d4 d5 3. Nc3 Bb4 4. e5 c5 5. a3 Ba5 6. b4 cxd4 7. Nb5 Bc7 8. f4 Bd7
9. Nxc7+ Qxc7 10. Bd3 Ne7 11. Nf3 Ba4 12. Bb2 Nbc6 13. Qe2 a6 14. Nxd4 Nxd4 15.
Bxd4 Nf5 16. Bb2 Qb6 17. Bxf5 exf5 18. Qd3 Rc8 19. Bd4 Qg6 20. c3 O-O 21. Qf3
Bc2 22. Kf2 Be4 23. Qg3 Qh6 24. a4 Rc6 25. Qg5 Qe6 26. a5 Rfc8 27. h4 Rc4 28.
Rad1 h6 29. Qg3 h5 30. Rh3 g6 31. Qg5 Kh7 32. Qg3 R8c6 33. Qe3 Rc8 34. Rg3 R8c6
35. Rg5 Rc8 36. Qe2 R8c6 37. Qd2 Rxb4 38. Kg1 Rb5 39. Qa2 Rc4 40. Rf1 Rc8 41.
Rf2 Rb1+ 42. Kh2 Rc4 43. Qa3 Rb5 44. Rb2 Rxb2 45. Qxb2 Rc7 46. Qb4 Kg8 47. Rg3
Kh7 48. Re3 Kg7 49. Bb6 Rc6 50. Bc5 Rc7 51. Bf8+ Kh7 52. Bd6 Rd7 53. Re2 Kg8
54. Rb2 Qe8 55. Qc5 Kh7 56. g3 Kg7 1/2-1/2

[Event "Guernsey Open"]
[Site "Guernsey GCI"]
[Date "2006.10.15"]
[Round "1"]
[White "Burrows, Martin"]
[Black "Ippel, Cok"]
[Result "1-0"]
[WhiteElo "2215"]
[BlackElo "2046"]
[PlyCount "89"]
[EventDate "2006.10.15"]

1. e4 e6 2. d4 d5 3. Nc3 Bb4 4. e5 c5 5. a3 Ba5 6. b4 cxd4 7. Nb5 Bc7 8. f4 Nc6
9. Nf3 Nge7 10. Bd3 a6 11. Nbxd4 Bb6 12. c3 Qc7 13. Bb2 Ng6 14. g3 Qe7 15. O-O
Bd7 16. Kh1 Nxd4 17. cxd4 Rc8 18. Qd2 O-O 19. h4 Rfe8 20. h5 Nf8 21. h6 g6 22.
a4 f6 23. b5 axb5 24. axb5 Ra8 25. exf6 Qxf6 26. Ne5 Qe7 27. Bc3 Rec8 28. Rfc1
Qe8 29. Rxa8 Rxa8 30. Qb2 Bc7 31. Ng4 Bd8 32. Kg2 Bc8 33. Bd2 Nd7 34. Bb4 Be7
35. Bxe7 Qxe7 36. Rc7 Qd8 37. Qc3 Qf8 38. Qc2 Qe8 39. Rxd7 Qf8 40. Rc7 e5 41.
Nf6+ Qxf6 42. Rxc8+ Rxc8 43. Qxc8+ Kf7 44. Qd7+ Kf8 45. Qg7+ 1-0

[Event "Guernsey Open"]
[Site "Guernsey GCI"]
[Date "2006.10.15"]
[Round "1"]
[White "Rowe, Peter"]
[Black "Havenaar, Jan"]
[Result "1/2-1/2"]
[WhiteElo "2047"]
[BlackElo "2202"]
[PlyCount "101"]
[EventDate "2006.10.15"]

1. d4 Nf6 2. Nf3 d6 3. Bf4 g6 4. e3 Bg7 5. Nbd2 O-O 6. h3 Nbd7 7. Bc4 c6 8. c3
Qe8 9. Bh2 e5 10. dxe5 dxe5 11. O-O Qe7 12. Qc2 Nd5 13. Rad1 N5b6 14. a4 e4 15.
Nd4 Re8 16. a5 Nxc4 17. Nxc4 Ne5 18. Nxe5 Bxe5 19. Bxe5 Qxe5 20. a6 Qc7 21.
axb7 Bxb7 22. Ra1 c5 23. Nb5 Qb6 24. c4 Bc6 25. Nc3 Rad8 26. Rfd1 f5 27. Nd5
Bxd5 28. Rxd5 Rxd5 29. cxd5 Rb8 30. Rc1 Qxb2 31. Qxc5 Qb6 32. Qe7 Qd8 33. Qe6+
Kg7 34. d6 Rb6 35. Rc7+ Kh6 36. Rd7 Qf8 37. h4 f4 38. Qe7 Qxe7 39. dxe7 Re6 40.
Rxa7 fxe3 41. fxe3 Kh5 42. g3 Kg4 43. Kg2 Kf5 44. Kh3 h5 45. Ra5+ Kf6 46. Ra7
Rxe7 47. Rxe7 Kxe7 48. g4 Ke6 49. Kg3 Ke5 50. Kh3 Kd5 51. Kg3 1/2-1/2

[Event "Guernsey Open"]
[Site "Guernsey GCI"]
[Date "2006.10.15"]
[Round "1"]
[White "O'Leary, Matt"]
[Black "Dennis, Nigel W"]
[Result "1-0"]
[WhiteElo "2200"]
[BlackElo "2020"]
[PlyCount "101"]
[EventDate "2006.10.15"]

1. d4 Nf6 2. c4 g6 3. Nc3 Bg7 4. e4 d6 5. Be2 O-O 6. Nf3 e5 7. dxe5 dxe5 8. O-O
c6 9. Be3 Qc7 10. Qc2 Bg4 11. Rfd1 Nbd7 12. b4 a5 13. b5 Bxf3 14. Bxf3 Rfc8 15.
Be2 c5 16. Nd5 Nxd5 17. Rxd5 b6 18. Rad1 Nf6 19. Rd6 Rd8 20. Rc6 Rxd1+ 21. Qxd1
Qb7 22. Bf3 Ne8 23. Bg4 Bf6 24. Qf3 Bg7 25. h4 Rd8 26. h5 Rd6 27. h6 Bh8 28.
Rc8 Qe7 29. Rc6 Rxc6 30. bxc6 Qd6 31. Qd1 Qxd1+ 32. Bxd1 f5 33. Bg5 Kf7 34.
exf5 gxf5 35. Bh5+ Kf8 36. Bd8 Nd6 37. Bxb6 Ke7 38. Bxc5 Ke6 39. c7 Nc8 40. Be8
e4 41. g4 fxg4 42. Bc6 Be5 43. Bxe4 Bf4 44. Be3 Bxc7 45. Bxh7 Be5 46. Kf1 Nd6
47. Ke2 Kf6 48. Kd3 Nf7 49. Bg8 Ng5 50. h7 Kg7 51. Bxg5 1-0